00269nam a2200109Ia 4500008004000000082001300040100002500053245003500078250000500113260003300118300000800151210210b1984 xxu||||| |||| 00| 0 eng d a301 VIDA aVIDYARTHI (L P), Ed. aApplied anthropology in India. a aAllahabadbKitab mahalc1984 a533